A small act /
When Hilde Back sponsored a young, rural Kenyan student, she thought nothing of it. She certainly never expected to hear from him, but years later she does. Now a Harvard graduate and a Human Rights Lawyer for the United Nations, Chris Mburu decides to find the stranger that changed his life. Inspir...
| Corporate Authors: | , , , , , , |
|---|---|
| Other Authors: | , , |
| Format: | Video |
| Language: | English Kikuyu Swedish |
| Language Notes: | In English, Kikuyu and Swedish with yellow English subtitles. |
| Published: |
[Sausalito, CA] :
ROCO Films Educational,
©2010.
|
| Subjects: | |
| Online Access: | Connect to this streaming video (Alexander Street Press) |
MARC
| Tag | First Indicator | Second Indicator | Subfields |
|---|---|---|---|
| LEADER | 00000cgm a2200000 a 4500 | ||
| 001 | in00005545430 | ||
| 006 | m o c | ||
| 007 | cr cnannnmacda | ||
| 007 | vz czazzu | ||
| 008 | 120621s2010 cau054 o vleng d | ||
| 005 | 20241201230147.9 | ||
| 035 | |a (OCoLC)ocn796015994 | ||
| 040 | |a NJP |b eng |c NJP |d OCLCQ |d OCLCO |d OCLCQ |d OCLCO |d DON |d STF |d IAY |d OCLCF |d OCLCA |d CNCEN |d ALSTP |d OCLCO |d OCLCL |d OCLCQ | ||
| 019 | |a 982310222 | ||
| 035 | |a (OCoLC)796015994 |z (OCoLC)982310222 | ||
| 041 | 1 | |a eng |a kik |a swe |j eng | |
| 043 | |a f-ke--- | ||
| 050 | 4 | |a LA1562 |b .S53 2010 | |
| 082 | 0 | 4 | |a 370.9676 |2 22 |
| 049 | |a TXAM | ||
| 245 | 0 | 2 | |a A small act / |c HBO Documentary Films presents ; a Harambee Media production ; in association with Considered Entertainment [and] Cherry Sky Films ; a film by Jennifer Arnold ; written & directed by Jennifer Arnold ; produced by Jennifer Arnold, Patti Lee, Jeffrey Soros ; made with assistance from the Australian Broadcasting Corporation ; Home Box Office. |
| 257 | |a United States |2 naf | ||
| 260 | |a [Sausalito, CA] : |b ROCO Films Educational, |c ©2010. | ||
| 300 | |a 1 streaming video (54 min.) : |b sound, color | ||
| 336 | |a two-dimensional moving image |b tdi |2 rdacontent | ||
| 337 | |a computer |b c |2 rdamedia | ||
| 338 | |a online resource |b cr |2 rdacarrier | ||
| 344 | |a digital | ||
| 347 | |a streaming video file |2 rda | ||
| 380 | |a Videorecording | ||
| 508 | |a Director of photography, Patti Lee ; editors, Carl Pfirman, Tyler Hubby ; music, Joel Goodman. | ||
| 511 | 0 | |a Hilde Back, Chris Mburu, Patrick Kimani, Caroline Gaceri, Ruth Wairimu, Jane Wanjiru Muigai, George Kihara Thang'wa. | |
| 520 | |a When Hilde Back sponsored a young, rural Kenyan student, she thought nothing of it. She certainly never expected to hear from him, but years later she does. Now a Harvard graduate and a Human Rights Lawyer for the United Nations, Chris Mburu decides to find the stranger that changed his life. Inspired by her generosity, he starts a scholarship program of his own and names it for his former benefactor. The top students in Mukubu primary school are in the exact same situation as Chris once was. They are bright, but can't afford to pay school fees. With the creation of Chris' fund, these students have new hope. But the program is small; how many will qualify for a scholarship? Using a strong narrative, the film interweaves seemingly separate lives into a cohesive whole. With clarity and grace, "A small act", bears witness to the ripple effect a single action can create. | ||
| 538 | |a Mode of access: World Wide Web. | ||
| 546 | |a In English, Kikuyu and Swedish with yellow English subtitles. | ||
| 505 | 0 | |a A better life -- The Hilde Back Education Fund -- Hilde's history -- Goals -- Chris and Hilde meet -- Taking the KCPE -- Exam results -- Election violence hits Kenya -- Choosing the kids -- Scholarships are announced. | |
| 600 | 1 | 0 | |a Back, Hilde. |
| 600 | 1 | 0 | |a Mburu, Chris. |
| 600 | 1 | 7 | |a Mburu, Chris. |2 fast |0 (OCoLC)fst01689952 |
| 650 | 0 | |a Charities |z Kenya. | |
| 650 | 0 | |a Charity. | |
| 650 | 0 | |a Kenyans |x Scholarships, fellowships, etc. | |
| 650 | 0 | |a Scholarships |z Kenya. | |
| 651 | 0 | |a Kenya |x Ethnic relations. | |
| 651 | 0 | |a Kenya |x Rural conditions. | |
| 651 | 0 | |a Kenya |x Social conditions. | |
| 650 | 2 | |a Charities | |
| 650 | 6 | |a Charité. | |
| 650 | 6 | |a Kenyans |x Bourses d'études. | |
| 650 | 6 | |a Bourses d'études |z Kenya. | |
| 651 | 6 | |a Kenya |x Conditions sociales. | |
| 650 | 7 | |a Charities. |2 fast |0 (OCoLC)fst00852404 | |
| 650 | 7 | |a Charity. |2 fast |0 (OCoLC)fst00852445 | |
| 650 | 7 | |a Ethnic relations. |2 fast |0 (OCoLC)fst00916005 | |
| 650 | 7 | |a Rural conditions. |2 fast |0 (OCoLC)fst01101474 | |
| 650 | 7 | |a Scholarships. |2 fast |0 (OCoLC)fst01432095 | |
| 650 | 7 | |a Social conditions. |2 fast |0 (OCoLC)fst01919811 | |
| 651 | 7 | |a Kenya. |2 fast |0 (OCoLC)fst01208718 |1 https://id.oclc.org/worldcat/entity/E39PBJrgMQKpcY3M4dvk48PJDq | |
| 655 | 0 | |a Streaming video. | |
| 655 | 2 | |a Documentaries and Factual Films | |
| 655 | 4 | |a Feature films |z United States. | |
| 655 | 7 | |a Documentary films. |2 fast |0 (OCoLC)fst01710390 | |
| 655 | 7 | |a Feature films. |2 fast |0 (OCoLC)fst01710384 | |
| 655 | 7 | |a Nonfiction films. |2 fast |0 (OCoLC)fst01710269 | |
| 655 | 7 | |a Video recordings. |2 fast |0 (OCoLC)fst01692913 | |
| 655 | 7 | |a Video recordings. |2 lcgft | |
| 655 | 7 | |a Documentary films. |2 lcgft | |
| 655 | 7 | |a Feature films. |2 lcgft | |
| 655 | 7 | |a Nonfiction films. |2 lcgft | |
| 655 | 7 | |a Vidéos. |2 rvmgf | |
| 655 | 7 | |a Documentaires. |2 rvmgf | |
| 655 | 7 | |a Films autres que de fiction. |2 rvmgf | |
| 700 | 1 | |a Arnold, Jennifer. |4 pro |4 drt | |
| 700 | 1 | |a Back, Hilde. |4 ive | |
| 700 | 1 | |a Lee, Patti |q (Patricia) |4 pro |1 https://id.oclc.org/worldcat/entity/E39PCjHmXhyvq7RTYq8pYGH4D3 | |
| 700 | 1 | |a Mburu, Chris. |4 ive | |
| 700 | 1 | |a Soros, Jeffrey. |4 pro | |
| 710 | 2 | |a Australian Broadcasting Corporation. | |
| 710 | 2 | |a Cherry Sky Films (Firm) | |
| 710 | 2 | |a Considered Entertainment (Firm) | |
| 710 | 2 | |a HBO Documentary Films. | |
| 710 | 2 | |a Harambee Media (Firm) | |
| 710 | 2 | |a Home Box Office (Firm) | |
| 710 | 2 | |a Ro*Co Films Educational (Firm) | |
| 776 | 0 | 8 | |i DVD version: |t Small act. |d [New York] : Docuramafilms : Distributed by New Video, [2011] |w (OCoLC)717335021 |
| 856 | 4 | 0 | |u http://proxy.library.tamu.edu/login?url=https://www.aspresolver.com/aspresolver.asp?MARC;4748863 |z Connect to this streaming video (Alexander Street Press) |t 0 |
| 955 | |a Alexander Street Press subscription streaming video | ||
| 994 | |a 92 |b TXA | ||
| 999 | f | f | |s 9aba6637-c44e-40c1-b36a-852311f81d53 |i 508bf3ad-986b-4b17-a041-9e5552d6a295 |t 0 |
| 952 | f | f | |a Texas A&M University |b College Station |c Electronic Resources |d Available Online |t 0 |e LA1562 .S53 2010 |h Library of Congress classification |
| 998 | f | f | |a LA1562 .S53 2010 |t 0 |l Available Online |